[Event "2nd GMA World Cup prel  #1"]
[Site "Belgrade YUG"]
[Date "1988.??.??"]
[Round "?"]
[White "Ilijic, Milan"]
[Black "Sulava, Nenad"]
[Result "0-1"]
[WhiteElo "2285"]
[BlackElo "2395"]
[EventDate "1988.12.??"]
[PlyCount "62"]

1.c4 b6 2.Nc3 Bb7 3.Nf3 c5 4.e3 Nf6 5.Be2 e6 6.O-O Be7 7.b3 O-O 8.Bb2 d6 
9.d4 a6 10.Qc2 Nbd7 11.Rad1 Re8 12.Ne1 cxd4 13.exd4 d5 14.Rd3 dxc4 15.bxc4
b5 16.Rh3 bxc4 17.Bxc4 Nb6 18.Bd3 g6 19.Nf3 Nbd5 20.Qd2 Bb4 21.Rc1 Rc8 22.
Ne5 Nxc3 23.Bxc3 Rxc3 24.Rxc3 Qxd4 25.Rc4 Qxc4 26.Nxc4 Bxd2 27.Nxd2 Rd8 
28.Nb3 Nd5 29.Bf1 Nf4 30.Rc3 Rd1 31.Rc1 Ne2+ 0-1

[Event "2nd GMA World Cup prel  #1"]
[Site "Belgrade YUG"]
[Date "1988.??.??"]
[Round "?"]
[White "Ilincic, Zlatko"]
[Black "Campora, Daniel Hugo"]
[Result "1-0"]
[WhiteElo "2445"]
[BlackElo "2540"]
[EventDate "1988.12.??"]
[PlyCount "80"]

1.e4 e5 2.Nf3 d6 3.d4 Nf6 4.Nc3 Nbd7 5.Be2 Be7 6.O-O O-O 7.Re1 Re8 8.h3 
Bf8 9.Bf1 c6 10.a4 Qc7 11.Nh4 exd4 12.Qxd4 d5 13.Re2 Bc5 14.Qd3 dxe4 15.
Nxe4 Rxe4 16.Rxe4 Bxf2+ 17.Kxf2 Nc5 18.Re8+ Nxe8 19.Qe3 Nf6 20.Kg1 Qd6 21.
b3 Be6 22.Bb2 Ncd7 23.Bd3 Nd5 24.Qg5 f6 25.Qh5 Nf8 26.Nf5 Bxf5 27.Qxf5 Qe6
28.Qf2 Qe3 29.Qxe3 Nxe3 30.Re1 Nd5 31.Ba3 Rd8 32.a5 a6 33.g3 h5 34.h4 Nd7 
35.c4 Nc7 36.Re7 Ne5 37.Bf5 g6 38.Bxg6 Nxg6 39.Rxc7 Ne5 40.Rxb7 Rd2 1-0

[Event "2nd GMA World Cup prel  #1"]
[Site "Belgrade YUG"]
[Date "1988.??.??"]
[Round "?"]
[White "Ilincic, Zlatko"]
[Black "Groszpeter, Attila"]
[Result "1-0"]
[WhiteElo "2445"]
[BlackElo "2510"]
[EventDate "1988.12.??"]
[PlyCount "81"]

1.e4 c6 2.d4 d5 3.Nc3 dxe4 4.Nxe4 Nf6 5.Nxf6+ gxf6 6.Ne2 Bf5 7.Ng3 Bg6 8.
h4 h5 9.Be2 Nd7 10.c3 Qa5 11.a4 e5 12.b4 Qc7 13.O-O Be7 14.Bd3 a5 15.b5 
cxb5 16.Bxb5 Rd8 17.Qf3 Kf8 18.Nf5 Bxf5 19.Qxf5 Nb6 20.Ba3 Nd5 21.Bxe7+ 
Qxe7 22.Rfe1 Qe6 23.Qxe6 fxe6 24.dxe5 f5 25.c4 Nf4 26.c5 Rg8 27.g3 Nd5 28.
Rac1 f4 29.Kh2 Ke7 30.c6 bxc6 31.Rxc6 Rdf8 32.Ra6 fxg3+ 33.fxg3 Rf2+ 34.
Kh3 Rg4 35.Rc1 Kf8 36.Rc8+ Kg7 37.Raa8 Ne7 38.Rc7 Rf7 39.Raa7 Kf8 40.Be2 
Rxa4 41.Bxh5 1-0

[Event "2nd GMA World Cup prel  #1"]
[Site "Belgrade YUG"]
[Date "1988.??.??"]
[Round "?"]
[White "Ilincic, Zlatko"]
[Black "Gufeld, Eduard"]
[Result "0-1"]
[WhiteElo "2445"]
[BlackElo "2510"]
[EventDate "1988.12.??"]
[PlyCount "78"]

1.e4 c5 2.Nf3 Nc6 3.d4 cxd4 4.Nxd4 Nf6 5.Nc3 d6 6.Bc4 Qb6 7.Nb3 e6 8.O-O 
Be7 9.a4 O-O 10.a5 Qc7 11.Be2 Rd8 12.f4 d5 13.e5 Ne4 14.Nb5 Qb8 15.Be3 Bd7
16.c3 f5 17.exf6 Bxf6 18.Nc5 Nxc5 19.Bxc5 Be8 20.Bg4 Bf7 21.Nd4 Re8 22.
Nxe6 Rxe6 23.Qxd5 Re5 24.fxe5 Bxd5 25.exf6 b6 26.Rad1 bxc5 27.Rxd5 gxf6 
28.Rxf6 Ne5 29.Be6+ Kh8 30.h4 Ng6 31.h5 Nf4 32.Rdf5 Nxe6 33.Rxe6 Qxb2 34.
Ref6 Rg8 35.Rf2 Qxc3 36.a6 c4 37.h6 Qa1+ 38.Kh2 Qe5+ 39.Kg1 c3 0-1

[Event "2nd GMA World Cup prel  #1"]
[Site "Belgrade YUG"]
[Date "1988.??.??"]
[Round "?"]
[White "Ilincic, Zlatko"]
[Black "Indic, Dusan"]
[Result "1-0"]
[WhiteElo "2445"]
[BlackElo "2370"]
[EventDate "1988.12.??"]
[PlyCount "81"]

1.e4 c5 2.Nf3 Nc6 3.d4 cxd4 4.Nxd4 Nf6 5.Nc3 d6 6.Bc4 Qb6 7.Nb3 e6 8.O-O 
Be7 9.a4 O-O 10.a5 Qc7 11.Be2 Rd8 12.f4 Nb4 13.Bf3 e5 14.Ra4 d5 15.exd5 
exf4 16.Nb5 Qc4 17.Na3 Qc7 18.Nb5 Qd7 19.Qe2 a6 20.Nc3 g5 21.Rd1 Bd6 22.
Rd4 Re8 23.Qf2 Qe7 24.Ne4 Nxe4 25.Rxe4 Qf8 26.Rd4 Bf5 27.Bd1 Rac8 28.Rd2 
Re3 29.Nd4 Qe8 30.Re2 Rxe2 31.Qxe2 Qxa4 32.Nxf5 Bc5+ 33.Kf1 Re8 34.Qh5 
Qb5+ 35.Be2 Qxe2+ 36.Qxe2 Rxe2 37.Kxe2 Nxc2 38.Kd3 Ne1+ 39.Kc3 Ba7 40.d6 
Kf8 41.d7 1-0

[Event "2nd GMA World Cup prel  #1"]
[Site "Belgrade YUG"]
[Date "1988.??.??"]
[Round "?"]
[White "Ilincic, Zlatko"]
[Black "Raicevic, Momcilo"]
[Result "1-0"]
[WhiteElo "2445"]
[BlackElo "2370"]
[EventDate "1988.12.??"]
[PlyCount "115"]

1.e4 c5 2.Nf3 d6 3.d4 cxd4 4.Nxd4 Nf6 5.Nc3 a6 6.Be2 e5 7.Nb3 Be7 8.O-O 
O-O 9.Be3 Be6 10.Qd2 a5 11.a3 a4 12.Nc1 Nc6 13.Rd1 Qc8 14.f3 Nd4 15.Bxd4 
exd4 16.Nb5 d5 17.e5 Nd7 18.f4 f6 19.Nxd4 Bc5 20.exf6 Nxf6 21.c3 Ne4 22.
Qe3 Bg4 23.Bxg4 Qxg4 24.Nd3 Rae8 25.Nxc5 Nxc5 26.Qf3 Qxf3 27.Nxf3 Nb3 28.
Rab1 Rxf4 29.Rxd5 Re2 30.Re1 Rxe1+ 31.Nxe1 h6 32.Nf3 Rf7 33.Kf2 Rf6 34.Ke3
Rb6 35.Ne5 Kh7 36.h4 Na1 37.Rd2 Nb3 38.Rd8 h5 39.Rd5 Re6 40.Kd3 b6 41.Nf3 
Nc5+ 42.Kc4 Kg6 43.Kb5 Re2 44.Rd2 Rxd2 45.Nxd2 Kf5 46.Kxb6 Nd3 47.c4 Kg4 
48.c5 Kxh4 49.c6 Nf4 50.Nf1 Ne6 51.c7 Nxc7 52.Kxc7 Kg4 53.Kb6 g5 54.Ka5 h4
55.Kxa4 Kf4 56.b4 g4 57.b5 g3 58.Nxg3 1-0

[Event "2nd GMA World Cup prel  #1"]
[Site "Belgrade YUG"]
[Date "1988.??.??"]
[Round "?"]
[White "Indic, Dusan"]
[Black "Blagojevic, Dragisa"]
[Result "0-1"]
[WhiteElo "2370"]
[BlackElo "2445"]
[EventDate "1988.12.??"]
[PlyCount "118"]

1.d4 d5 2.Nf3 c5 3.g3 cxd4 4.Nxd4 Nf6 5.Bg2 e5 6.Nb3 h6 7.O-O Be7 8.a4 Nc6
9.a5 O-O 10.a6 b6 11.c4 Be6 12.Nc3 Nb4 13.cxd5 Nfxd5 14.Nxd5 Bxd5 15.Bxd5 
Qxd5 16.Qxd5 Nxd5 17.Bd2 Rac8 18.e4 Nc7 19.Bc3 f6 20.Rfd1 Rfd8 21.Rxd8+ 
Rxd8 22.Kf1 h5 23.Ke2 Kf7 24.f4 Ke6 25.Nc1 g6 26.Nd3 Nb5 27.fxe5 Nxc3+ 28.
bxc3 fxe5 29.Rb1 Rc8 30.Rb5 Bd6 31.Kd2 Rc4 32.Nb2 Rc5 33.c4 Rc8 34.Kd3 Rf8
35.Ke2 Rc8 36.Kd3 Bc5 37.Na4 Bg1 38.h3 Rd8+ 39.Rd5 Rf8 40.c5 Rf3+ 41.Kc4 
bxc5 42.Nxc5+ Kf6 43.Rd6+ Kg5 44.Ne6+ Kh6 45.Rd3 Be3 46.Rd8 g5 47.Rh8+ Kg6
48.Rg8+ Kh6 49.Kd5 Rxg3 50.Rh8+ Kg6 51.Rg8+ Kf6 52.Rf8+ Ke7 53.Rf5 Bf4 54.
Nxf4 exf4 55.h4 f3 56.hxg5 h4 57.g6 h3 58.Rh5 f2 59.Rh7+ Kd8 0-1

[Event "2nd GMA World Cup prel  #1"]
[Site "Belgrade YUG"]
[Date "1988.??.??"]
[Round "?"]
[White "Indic, Dusan"]
[Black "Krnic, Zdenko"]
[Result "0-1"]
[WhiteElo "2370"]
[BlackElo "2430"]
[EventDate "1988.12.??"]
[PlyCount "111"]

1.d4 Nf6 2.c4 g6 3.Nc3 d5 4.Nf3 Bg7 5.Bg5 Ne4 6.cxd5 Nxg5 7.Nxg5 e6 8.Qd2 
exd5 9.Qe3+ Kf8 10.Qf4 Qf6 11.Qxf6 Bxf6 12.Nf3 c6 13.e3 Bf5 14.Be2 a5 15.
O-O Nd7 16.Ne1 h5 17.Bd3 Bxd3 18.Nxd3 Kg7 19.Na4 Be7 20.Rfc1 Bd6 21.a3 
Rhc8 22.Rc2 Kf8 23.Rac1 Ke7 24.Kf1 Re8 25.h3 Kd8 26.Ke2 Re6 27.g4 hxg4 28.
hxg4 Kc7 29.Nc3 Kb6 30.Rh1 Nf6 31.g5 Nh5 32.Kd2 Rae8 33.Rh3 f6 34.Na4+ Kc7
35.Nac5 R6e7 36.gxf6 Nxf6 37.Kc1 g5 38.Rh6 Rf7 39.Rg6 g4 40.Nb3 g3 41.Nxa5
Ne4 42.f4 Rh8 43.b4 Rhh7 44.Rg2 Rh1+ 45.Kc2 Rfh7 46.R6xg3 Nxg3 47.Rxg3 
R1h3 48.Rg6 b6 49.Nb3 Rxe3 50.f5 Rf3 51.Rf6 Rh2+ 52.Kc3 Rhh3 53.Nc1 Bf4 
54.Kc2 Rh2+ 55.Kb1 Bxc1 56.Nxc1 0-1

[Event "2nd GMA World Cup prel  #1"]
[Site "Belgrade YUG"]
[Date "1988.??.??"]
[Round "?"]
[White "Indic, Dusan"]
[Black "Markovic, Miroslav"]
[Result "1/2-1/2"]
[WhiteElo "2370"]
[BlackElo "2250"]
[EventDate "1988.12.??"]
[PlyCount "122"]

1.d4 Nf6 2.Nf3 g6 3.c4 Bg7 4.Nc3 O-O 5.e4 d6 6.Be2 Bg4 7.Be3 Nfd7 8.h4 Nc6
9.Ng1 Bxe2 10.Ngxe2 Na5 11.b3 c5 12.Qd2 cxd4 13.Nxd4 Nc6 14.h5 Nxd4 15.
Bxd4 Bxd4 16.Qxd4 Nf6 17.hxg6 fxg6 18.O-O-O Qa5 19.Kb2 Rac8 20.f3 a6 21.
Nd5 Nxd5 22.Qxd5+ Qxd5 23.Rxd5 Rc6 24.Rhd1 Rfc8 25.a4 Rc5 26.Kc3 Kf7 27.a5
h5 28.f4 Rxd5 29.Rxd5 Ke6 30.Rg5 Kf6 31.e5+ dxe5 32.Rxe5 h4 33.b4 e6 34.b5
axb5 35.Rxb5 Rc7 36.Kb4 Rd7 37.Kc3 Rh7 38.Kd4 Rd7+ 39.Ke3 Rc7 40.Kd4 Rd7+ 
41.Ke3 Rc7 42.c5 Rd7 43.Kf3 Rd3+ 44.Kg4 Rg3+ 45.Kxh4 Rxg2 46.Rxb7 Ra2 47.
Rb5 Ke7 48.Kg4 Ra1 49.c6 Kd6 50.Rc5 Rg1+ 51.Kf3 Kc7 52.Ke4 Re1+ 53.Kd4 Rh1
54.Ke5 Rh5+ 55.Kd4 Rh1 56.a6 Ra1 57.Ke5 Rxa6 58.Rc4 Ra5+ 59.Kxe6 Rf5 60.
Re4 Kxc6 61.Ke7 g5 1/2-1/2

[Event "2nd GMA World Cup prel  #1"]
[Site "Belgrade YUG"]
[Date "1988.??.??"]
[Round "?"]
[White "Ivanka-Budinszky, Maria"]
[Black "Banas, Jan"]
[Result "0-1"]
[WhiteElo "2310"]
[BlackElo "2380"]
[EventDate "1988.12.??"]
[PlyCount "88"]

1.Nf3 g6 2.c4 Nf6 3.b3 Bg7 4.Bb2 O-O 5.d3 d6 6.Nbd2 c5 7.g3 Nc6 8.Bg2 e5 
9.a3 Ne8 10.Rb1 a5 11.Ne4 Nc7 12.O-O f5 13.Nc3 g5 14.Nd2 Kh8 15.Nd5 Nxd5 
16.Bxd5 Ne7 17.Bg2 Ng6 18.e3 Qe7 19.d4 Be6 20.b4 axb4 21.axb4 cxd4 22.exd4
exd4 23.Re1 Qd7 24.Bxb7 Rab8 25.Bg2 d5 26.Rxe6 Qxe6 27.Bxd5 Qd7 28.b5 Ne7 
29.Bg2 Rfd8 30.Qh5 g4 31.Re1 Ng6 32.Nb3 Qf7 33.Na5 d3 34.Bxg7+ Kxg7 35.Rd1
Qe7 36.Bf1 Ne5 37.Qxf5 Rf8 38.Nc6 Nxc6 39.Qxg4+ Kh8 40.bxc6 Qc5 41.Rd2 
Rxf2 42.Rxf2 Rf8 43.Bxd3 Qxf2+ 44.Kh1 Re8 0-1

[Event "2nd GMA World Cup prel  #1"]
[Site "Belgrade YUG"]
[Date "1988.??.??"]
[Round "?"]
[White "Ivanka-Budinszky, Maria"]
[Black "Plaskett, Harold James"]
[Result "0-1"]
[WhiteElo "2310"]
[BlackElo "2450"]
[EventDate "1988.12.??"]
[PlyCount "68"]

1.c4 e5 2.Nc3 Bb4 3.g3 Bxc3 4.bxc3 d6 5.Bg2 Nc6 6.d4 Nge7 7.Ba3 O-O 8.d5 
Na5 9.Qa4 b6 10.c5 dxc5 11.Bxc5 c6 12.Bxe7 Qxe7 13.Qb4 Qf6 14.c4 e4 15.Rc1
Re8 16.e3 Bb7 17.Ne2 cxd5 18.cxd5 Bxd5 19.O-O Bxa2 20.Nc3 Qe6 21.Bxe4 Rad8
22.Nxa2 Qxe4 23.Qxe4 Rxe4 24.Rc7 Ra4 25.Nc1 a6 26.Kg2 Nc4 27.Rd1 Rf8 28.
Ne2 b5 29.Nd4 Ra2 30.Kf1 Rd8 31.Rc1 g6 32.h4 Rd6 33.h5 Kg7 34.Kg1 Rf6 0-1

[Event "2nd GMA World Cup prel  #1"]
[Site "Belgrade YUG"]
[Date "1988.??.??"]
[Round "?"]
[White "Ivanov, Jordan"]
[Black "Doric, Dusan"]
[Result "1-0"]
[WhiteElo "2425"]
[BlackElo "2360"]
[EventDate "1988.12.??"]
[PlyCount "67"]

1.d4 Nf6 2.Nf3 g6 3.c4 Bg7 4.Nc3 c6 5.e4 d6 6.Be2 O-O 7.O-O Bg4 8.Be3 Nbd7
9.Nd2 Bxe2 10.Qxe2 e5 11.d5 Nh5 12.Rfd1 c5 13.g3 a6 14.a3 Qe8 15.b4 b6 16.
f3 f5 17.Bf2 Ndf6 18.Rab1 Qd7 19.bxc5 bxc5 20.Rb6 f4 21.Rdb1 fxg3 22.hxg3 
g5 23.Rb7 Qc8 24.Kg2 g4 25.fxg4 Nxg4 26.Bg1 Rf6 27.Nf3 Rg6 28.Nh4 Rg5 29.
Nf5 Kh8 30.Nxd6 Nh6 31.Qxh5 Rxh5 32.Nxc8 Rxc8 33.Rb8 Rg8 34.Rxg8+ 1-0

[Event "2nd GMA World Cup prel  #1"]
[Site "Belgrade YUG"]
[Date "1988.??.??"]
[Round "?"]
[White "Ivanov, Jordan"]
[Black "Samovojska, Damir"]
[Result "0-1"]
[WhiteElo "2425"]
[BlackElo "2365"]
[EventDate "1988.12.??"]
[PlyCount "80"]

1.d4 Nf6 2.Nf3 d5 3.c4 e6 4.Nc3 Nbd7 5.Bg5 c6 6.cxd5 exd5 7.Qc2 Be7 8.e3 
O-O 9.Bd3 Re8 10.O-O Nf8 11.Rae1 Ne4 12.Bxe7 Qxe7 13.Bxe4 dxe4 14.Nd2 f5 
15.f3 exf3 16.Nxf3 Ng6 17.e4 f4 18.e5 Be6 19.Ne4 Rf8 20.Nd6 Bd5 21.a3 Rad8
22.b4 Rd7 23.Qf2 Qe6 24.Rc1 Ne7 25.Nd2 Qg6 26.N2c4 b5 27.Ne3 Be4 28.Qh4 
Nd5 29.Ng4 Bxg2 30.Kxg2 h5 31.Kf2 hxg4 32.Rg1 g3+ 33.hxg3 fxg3+ 34.Kg2 Rf4
35.Qh3 Ne3+ 36.Kh1 Rxd6 37.Rxg3 Qe4+ 38.Kg1 Rg6 39.Qc8+ Rf8 40.Qh3 Qf3 0-1

[Event "2nd GMA World Cup prel  #1"]
[Site "Belgrade YUG"]
[Date "1988.??.??"]
[Round "?"]
[White "Ivanov, Jordan"]
[Black "Vasiljevic, Dragan"]
[Result "1-0"]
[WhiteElo "2425"]
[BlackElo "2325"]
[EventDate "1988.12.??"]
[PlyCount "91"]

1.d4 Nf6 2.c4 c5 3.d5 g6 4.Nc3 Bg7 5.e4 O-O 6.Nf3 d6 7.h3 e6 8.Bd3 exd5 9.
exd5 Re8+ 10.Kf1 Na6 11.a3 Nc7 12.a4 Na6 13.Be3 Nb4 14.Bb1 b6 15.g4 Ba6 
16.Nb5 Ne4 17.Bc1 Bb7 18.Ra3 a6 19.Nc3 Nf6 20.Bf4 Qd7 21.Bd3 Re7 22.Kg2 
Rae8 23.Bg5 h6 24.Bh4 Nxd3 25.Qxd3 g5 26.Bg3 Ne4 27.Nxe4 Rxe4 28.Rb3 b5 
29.axb5 axb5 30.Rxb5 Ba6 31.Rb8 Rxb8 32.Qxe4 Rxb2 33.h4 Rb4 34.Rc1 Bf6 35.
hxg5 hxg5 36.Nd2 Bc8 37.Rh1 Bg7 38.Qh7+ Kf8 39.Ne4 Rb6 40.Rh5 f6 41.Qg6 
Qe7 42.Rh7 Bxg4 43.Bxd6 Rxd6 44.Nxd6 Qd7 45.Rxg7 Bf3+ 46.Kh2 1-0

[Event "2nd GMA World Cup prel  #1"]
[Site "Belgrade YUG"]
[Date "1988.??.??"]
[Round "?"]
[White "Ivanovic, Bozidar"]
[Black "Cvetkovic, Srdan"]
[Result "1-0"]
[WhiteElo "2540"]
[BlackElo "2450"]
[EventDate "1988.12.??"]
[PlyCount "59"]

1.e4 c5 2.Nf3 e6 3.d4 cxd4 4.Nxd4 Nf6 5.Nc3 d6 6.Be2 Be7 7.O-O Nc6 8.Be3 
O-O 9.Kh1 Bd7 10.f4 a6 11.Qe1 Qc7 12.Qg3 Kh8 13.Rad1 Rae8 14.Bf3 e5 15.
Nde2 Be6 16.Nd5 Bxd5 17.exd5 e4 18.dxc6 exf3 19.Qxf3 Qxc6 20.Qxc6 bxc6 21.
Nd4 c5 22.Nf5 g6 23.Ng3 d5 24.f5 Ng4 25.Bg1 d4 26.Ne4 Nf6 27.Nd2 Nd5 28.
Nc4 Bg5 29.fxg6 fxg6 30.Nd6 1-0

[Event "2nd GMA World Cup prel  #1"]
[Site "Belgrade YUG"]
[Date "1988.??.??"]
[Round "?"]
[White "Ivanovic, Bozidar"]
[Black "Gostisa, Leon"]
[Result "1-0"]
[WhiteElo "2540"]
[BlackElo "2415"]
[EventDate "1988.12.??"]
[PlyCount "57"]

1.e4 c5 2.Nf3 Nc6 3.d4 cxd4 4.Nxd4 e5 5.Nb5 d6 6.c4 Be6 7.N1c3 Rc8 8.Nd5 
Nf6 9.Nxf6+ Qxf6 10.Be3 Qd8 11.Qd2 a6 12.Nc3 Qa5 13.Be2 Be7 14.O-O O-O 15.
Rac1 Nd4 16.Bxd4 exd4 17.Qxd4 Bf6 18.Qe3 Bxc4 19.Bxc4 Rxc4 20.Nd5 Bd4 21.
Nf6+ Bxf6 22.Rxc4 Qxa2 23.b3 Qa5 24.Rd1 Rd8 25.g3 g6 26.Kg2 Kg7 27.Rd5 b5 
28.Rc6 Qa3 29.Qd3 1-0

[Event "2nd GMA World Cup prel  #1"]
[Site "Belgrade YUG"]
[Date "1988.??.??"]
[Round "?"]
[White "Ivanovic, Bozidar"]
[Black "Ivanov, Jordan"]
[Result "1-0"]
[WhiteElo "2540"]
[BlackElo "2425"]
[EventDate "1988.12.??"]
[PlyCount "65"]

1.e4 c5 2.Nf3 Nc6 3.d4 cxd4 4.Nxd4 Nf6 5.Nc3 e5 6.Ndb5 d6 7.Bg5 a6 8.Na3 
b5 9.Bxf6 gxf6 10.Nd5 Bg7 11.Bd3 Ne7 12.Nxe7 Qxe7 13.c4 f5 14.O-O O-O 15.
Re1 Bb7 16.exf5 e4 17.Qg4 Rfe8 18.cxb5 d5 19.bxa6 Bxa6 20.Bxa6 Rxa6 21.Nb5
Kh8 22.Nc3 Qb7 23.Rab1 Rb6 24.Rbd1 Rxb2 25.Nxd5 Qa7 26.Qh4 Rxa2 27.Nf6 
Bxf6 28.Qxf6+ Kg8 29.Re3 Qc5 30.Rg3+ Kf8 31.Qh8+ Ke7 32.f6+ Ke6 33.Qxe8+ 
1-0

[Event "2nd GMA World Cup prel  #1"]
[Site "Belgrade YUG"]
[Date "1988.??.??"]
[Round "?"]
[White "Ivkov, Borislav"]
[Black "Despotovic, Momcilo"]
[Result "1-0"]
[WhiteElo "2470"]
[BlackElo "2355"]
[EventDate "1988.12.??"]
[PlyCount "127"]

1.Nf3 Nf6 2.g3 d6 3.Bg2 e5 4.O-O c6 5.c4 Be6 6.d3 h6 7.Nc3 Nbd7 8.e4 Be7 
9.b3 O-O 10.h3 d5 11.exd5 cxd5 12.cxd5 Nxd5 13.Bb2 Re8 14.Rc1 Bb4 15.Ng5 
Nxc3 16.Bxc3 Bxc3 17.Nxe6 Rxe6 18.Rxc3 Rb8 19.Qc2 b6 20.Rc1 Rd6 21.b4 Nf6 
22.Rc7 Rxd3 23.Rxa7 Qd4 24.Qc4 Rf8 25.Qxd4 Rxd4 26.b5 e4 27.g4 Nd7 28.Bxe4
Nc5 29.Bg2 f5 30.Re1 Rd7 31.Rxd7 Nxd7 32.Bd5+ Kh8 33.Be6 Nc5 34.Bxf5 Ra8 
35.Rd1 Kg8 36.Rd6 Rb8 37.Rc6 Kf7 38.h4 Na4 39.g5 hxg5 40.hxg5 Nc5 41.Rc7+ 
Kf8 42.Rc6 Ke7 43.Kg2 Rd8 44.Rxb6 Rd5 45.Bc2 Rxg5+ 46.Kf1 Nd7 47.Rg6 Rxg6 
48.Bxg6 Kd6 49.a4 Kc5 50.a5 Ne5 51.Be8 Nc4 52.a6 Kb6 53.Ke2 Ne5 54.Ke3 
Ng4+ 55.Kf3 Ne5+ 56.Kf4 Nd3+ 57.Ke3 Ne5 58.Bh5 Nd7 59.Be2 Nc5 60.Kf4 Ne6+ 
61.Ke5 Ng5 62.Kf5 Nh3 63.f3 Ka7 64.Kg4 1-0

[Event "2nd GMA World Cup prel  #1"]
[Site "Belgrade YUG"]
[Date "1988.??.??"]
[Round "?"]
[White "Janjgava, Lasha"]
[Black "Dorfman, Iosif"]
[Result "1/2-1/2"]
[WhiteElo "2470"]
[BlackElo "2540"]
[EventDate "1988.12.??"]
[PlyCount "74"]

1.d4 Nf6 2.c4 d6 3.Nc3 e5 4.dxe5 dxe5 5.Qxd8+ Kxd8 6.Nf3 Nbd7 7.Bg5 Bb4 8.
Rc1 c6 9.g3 Re8 10.Bd2 Bf8 11.Bh3 h6 12.Be3 Kc7 13.Nd2 h5 14.f3 Nc5 15.
Bxc8 Raxc8 16.Nb3 Nxb3 17.axb3 Nd7 18.Na4 b6 19.Kf2 Be7 20.h4 Kb7 21.Rcd1 
Rcd8 22.Rd3 Nf8 23.Rxd8 Rxd8 24.g4 Ng6 25.Bg5 Bxg5 26.hxg5 hxg4 27.Rh7 Rg8
28.fxg4 Nf8 29.Rh3 Ne6 30.Re3 Nxg5 31.Rxe5 Ne6 32.Nc3 Kc7 33.b4 Rd8 34.Ke3
a6 35.Ne4 Rd1 36.c5 Rb1 37.cxb6+ Kxb6 1/2-1/2

[Event "2nd GMA World Cup prel  #1"]
[Site "Belgrade YUG"]
[Date "1988.??.??"]
[Round "?"]
[White "Janjgava, Lasha"]
[Black "Palos, Osman"]
[Result "1-0"]
[WhiteElo "2470"]
[BlackElo "2350"]
[EventDate "1988.12.??"]
[PlyCount "137"]

1.d4 e6 2.c4 f5 3.g3 Nf6 4.Bg2 Bb4+ 5.Nd2 O-O 6.Nf3 a5 7.O-O a4 8.a3 Bxd2 
9.Bxd2 d6 10.Rc1 Qe8 11.Bc3 Ne4 12.Nd2 Nxc3 13.Rxc3 Nc6 14.d5 Nd8 15.c5 
exd5 16.Bxd5+ Be6 17.Bxe6+ Qxe6 18.cxd6 Qxd6 19.Nf3 Qxd1 20.Rxd1 Ne6 21.
Re3 Ra6 22.Ne5 f4 23.Red3 Rf5 24.gxf4 Rxf4 25.Rd7 Rf5 26.Nc4 h5 27.Kf1 Rc5
28.Ne3 Nf4 29.R7d4 Ne6 30.Re4 Rb5 31.Nc4 Rf5 32.Rd7 Rc6 33.f3 Rf4 34.Rxf4 
Nxf4 35.Ne3 Ne6 36.Nf5 Kh7 37.Kf2 Rb6 38.Rd2 Kg6 39.Ne3 Rc6 40.Nd5 Kf7 41.
Nc3 Rc4 42.Rd5 g6 43.Rb5 Nc5 44.Nxa4 Nxa4 45.b3 Rh4 46.Kg3 Rd4 47.bxa4 
Rxa4 48.Rxb7 Rc4 49.h4 Ke6 50.Rb4 Rc3 51.a4 Ra3 52.e4 c6 53.Kf4 Kf6 54.Rc4
Kf7 55.Ke5 Rxf3 56.Rxc6 g5 57.hxg5 Kg7 58.a5 h4 59.a6 h3 60.Rh6 Ra3 61.Kf5
h2 62.Rxh2 Rxa6 63.Rd2 Ra5+ 64.e5 Ra7 65.g6 Rb7 66.Rh2 Rb6 67.Rh7+ Kg8 68.
Rd7 Ra6 69.e6 1-0

[Event "2nd GMA World Cup prel  #1"]
[Site "Belgrade YUG"]
[Date "1988.??.??"]
[Round "?"]
[White "Janosevic, Dragoljub"]
[Black "Fedorov, Vladislav"]
[Result "1/2-1/2"]
[WhiteElo "2330"]
[BlackElo "2400"]
[EventDate "1988.12.??"]
[PlyCount "101"]

1.e4 e5 2.Nf3 Nc6 3.Bb5 Nf6 4.O-O Nxe4 5.d4 Be7 6.dxe5 O-O 7.Re1 Nc5 8.Nc3
Ne6 9.Nd5 f6 10.exf6 Bxf6 11.c3 d6 12.Bc4 Kh8 13.Be3 Be5 14.Bb3 Bd7 15.g3 
Nc5 16.Bxc5 Bg4 17.Re3 dxc5 18.Qd3 c4 19.Bxc4 Bd6 20.Rae1 Bxf3 21.Rxf3 Ne5
22.Rxf8+ Qxf8 23.Rxe5 Bxe5 24.Bb3 c6 25.Bc2 g6 26.Ne3 Rd8 27.Qe4 Re8 28.
Qd3 Bc7 29.Qd4+ Be5 30.Qxa7 Qe7 31.Qa4 Rd8 32.Qe4 Bf6 33.Qxe7 Bxe7 34.Kf1 
Bc5 35.Ke2 Kg7 36.a4 Re8 37.Bd3 Kf6 38.Kf3 Bxe3 39.fxe3 Ke5 40.h4 Ra8 41.
Bc2 c5 42.b3 Rd8 43.Ke2 Rd6 44.Bd3 b6 45.b4 Rd8 46.bxc5 bxc5 47.Bb5 Kd5 
48.c4+ Kd6 49.a5 Rf8 50.a6 h6 51.g4 1/2-1/2

[Event "2nd GMA World Cup prel  #1"]
[Site "Belgrade YUG"]
[Date "1988.??.??"]
[Round "?"]
[White "Janosevic, Dragoljub"]
[Black "Pavlovic, Milos"]
[Result "1-0"]
[WhiteElo "2330"]
[BlackElo "2390"]
[EventDate "1988.12.??"]
[PlyCount "93"]

1.e4 c5 2.Nf3 d6 3.d4 cxd4 4.Nxd4 Nf6 5.Nc3 Nc6 6.Bc4 Qb6 7.Nb3 e6 8.O-O 
Be7 9.Be3 Qc7 10.f4 O-O 11.Qf3 a6 12.a3 b5 13.Bd3 Bb7 14.Qh3 Rae8 15.Nd4 
Nxd4 16.Bxd4 Nd7 17.Rae1 Bd8 18.e5 g6 19.Re3 f5 20.exf6 Bxf6 21.Bxf6 Nxf6 
22.Rg3 Qc5+ 23.Kh1 Qh5 24.Kg1 Qc5+ 25.Kh1 Nh5 26.Rg4 Kg7 27.Qh4 Nf6 28.Rg3
Qd4 29.Qg5 Qc5 30.Qh4 Qh5 31.Rh3 Qxh4 32.Rxh4 Nd7 33.Kg1 Nc5 34.Rh3 Rf7 
35.Re3 Ref8 36.g3 Bc6 37.Rfe1 h6 38.b4 Nxd3 39.Rxd3 e5 40.Rxd6 Bb7 41.Rxe5
Rc8 42.Rc5 Rxc5 43.bxc5 Rc7 44.Ne2 Be4 45.Nd4 Kf7 46.c6 a5 47.c3 1-0

[Event "2nd GMA World Cup prel  #1"]
[Site "Belgrade YUG"]
[Date "1988.??.??"]
[Round "?"]
[White "Janosevic, Dragoljub"]
[Black "Todorovic, Goran N."]
[Result "1/2-1/2"]
[WhiteElo "2330"]
[BlackElo "2400"]
[EventDate "1988.12.??"]
[PlyCount "87"]

1.e4 c5 2.Nf3 Nc6 3.d4 cxd4 4.Nxd4 g6 5.Nc3 Bg7 6.Be3 Nf6 7.Bc4 O-O 8.Bb3 
a5 9.a4 Ng4 10.Qxg4 Nxd4 11.Qd1 Nxb3 12.cxb3 d6 13.Bd4 Bxd4 14.Qxd4 Be6 
15.b4 Rc8 16.Nd5 Bxd5 17.exd5 axb4 18.Qxb4 Qd7 19.O-O Rc5 20.Rfd1 Rfc8 21.
Qb6 Qc7 22.Qxc7 R8xc7 23.g3 Rc4 24.Rd3 Rb4 25.b3 Kf8 26.Re1 Ke8 27.Kg2 b5 
28.a5 Ra7 29.Ra1 Kd7 30.Kf3 e6 31.Ra3 g5 32.Ke3 e5 33.Rd2 f5 34.Rd1 Re4+ 
35.Kd2 Rc7 36.a6 Ra7 37.f3 Rd4+ 38.Ke2 Rxd1 39.Kxd1 Kc7 40.b4 Kb6 41.g4 
fxg4 42.fxg4 Rxa6 43.Rxa6+ Kxa6 44.Ke2 1/2-1/2

[Event "2nd GMA World Cup prel  #1"]
[Site "Belgrade YUG"]
[Date "1988.??.??"]
[Round "?"]
[White "Yanovsky, Sergei"]
[Black "Gurevich, Dmitry"]
[Result "0-1"]
[WhiteElo "2375"]
[BlackElo "2475"]
[EventDate "1988.12.??"]
[PlyCount "120"]

1.e4 c5 2.c3 d5 3.exd5 Qxd5 4.d4 e6 5.Nf3 Nf6 6.Be2 Be7 7.O-O cxd4 8.Nxd4 
O-O 9.Bf3 Qd8 10.Qe2 a6 11.Bf4 Bd6 12.Bxd6 Qxd6 13.Nd2 Nbd7 14.Nc4 Qc7 15.
Rfe1 Re8 16.Ne5 Nxe5 17.Qxe5 Qxe5 18.Rxe5 Nd7 19.Re3 g6 20.a4 Kg7 21.g4 h6
22.h4 Rb8 23.a5 e5 24.g5 Rh8 25.Nc2 hxg5 26.hxg5 Rh4 27.Nb4 Rf4 28.Kh2 Nc5
29.Rxe5 Rxf3 30.Rxc5 Rxf2+ 31.Kg3 Rxb2 32.Nd5 Bd7 33.Re1 Bc6 34.Nf4 Rc8 
35.Re7 Kf8 36.Re1 Rb5 37.Ree5 Rxc5 38.Rxc5 Ke7 39.Rc4 Rh8 40.Nd3 Rh5 41.
Rg4 Bd7 42.Re4+ Be6 43.Ne5 Rxg5+ 44.Kf2 Kd6 45.Nd3 Rxa5 46.c4 b6 47.Ke3 
Rg5 48.Rd4+ Kc6 49.Nb4+ Kb7 50.Nd3 Rg3+ 51.Kf2 Rxd3 52.Rxd3 Bxc4 53.Rc3 
Be6 54.Ke3 a5 55.Kd4 g5 56.Ke5 b5 57.Kd6 b4 58.Rc5 Kb6 59.Rxg5 b3 60.Rg8 
Kb5 0-1

[Event "2nd GMA World Cup prel  #1"]
[Site "Belgrade YUG"]
[Date "1988.??.??"]
[Round "?"]
[White "Yanovsky, Sergei"]
[Black "Tan Chengxuan"]
[Result "1/2-1/2"]
[WhiteElo "2375"]
[BlackElo "2300"]
[EventDate "1988.12.??"]
[PlyCount "33"]

1.e4 e6 2.d4 d5 3.Nd2 c5 4.exd5 exd5 5.Ngf3 Nc6 6.Bb5 Bd6 7.dxc5 Bxc5 8.
O-O Ne7 9.Nb3 Bd6 10.h3 O-O 11.Re1 h6 12.Bd3 Nf5 13.c3 Qf6 14.Bc2 Be6 15.
Nbd4 Nfxd4 16.Nxd4 Nxd4 17.Qxd4 1/2-1/2

[Event "2nd GMA World Cup prel  #1"]
[Site "Belgrade YUG"]
[Date "1988.??.??"]
[Round "?"]
[White "Yanovsky, Sergei"]
[Black "Vujovic, Predrag"]
[Result "1/2-1/2"]
[WhiteElo "2375"]
[BlackElo "2300"]
[EventDate "1988.12.??"]
[PlyCount "44"]

1.e4 c6 2.c4 d5 3.exd5 cxd5 4.cxd5 Nf6 5.Nc3 Nxd5 6.Nf3 Nc6 7.d4 e6 8.Bc4 
Bb4 9.Qc2 O-O 10.O-O Be7 11.a3 a6 12.Bd3 g6 13.Bh6 Re8 14.Rfe1 Bf6 15.Rad1
Nxc3 16.bxc3 Ne7 17.Qd2 b5 18.Be4 Ra7 19.Qf4 Nf5 20.Bg5 Bxg5 21.Nxg5 Qd6 
22.Qg4 Rae7 1/2-1/2

[Event "2nd GMA World Cup prel  #1"]
[Site "Belgrade YUG"]
[Date "1988.??.??"]
[Round "?"]
[White "Jokic, Miodrag"]
[Black "Dukanovic, Marko"]
[Result "1-0"]
[WhiteElo "2300"]
[BlackElo "2260"]
[EventDate "1988.12.??"]
[PlyCount "120"]

1.d4 Nf6 2.c4 e6 3.Nf3 b6 4.g3 Bb7 5.Bg2 Bb4+ 6.Nc3 O-O 7.O-O Bxc3 8.bxc3 
d6 9.Nd2 Bxg2 10.Kxg2 e5 11.e4 Nc6 12.d5 Na5 13.Qe2 Qd7 14.h3 Rae8 15.a4 
h6 16.Ra2 Nh7 17.g4 c6 18.Nf3 cxd5 19.cxd5 Rc8 20.Bb2 Rc4 21.Qc2 Rfc8 22.
Nd2 R4c7 23.Nb3 Nc4 24.Bc1 Nf8 25.Rd1 Ng6 26.Rd3 Nf4+ 27.Bxf4 exf4 28.Nd4 
Ne5 29.Rd2 Rxc3 30.Qb2 Rxh3 31.Nf5 Rhc3 32.Ra3 Rxa3 33.Qxa3 g6 34.Qxd6 
Qxd6 35.Nxd6 Rd8 36.Nb5 a6 37.Nc7 Nxg4 38.Kf3 Ne5+ 39.Kxf4 Nd7 40.e5 Rc8 
41.d6 Nc5 42.Rc2 Nd7 43.Ke4 h5 44.f4 b5 45.a5 b4 46.Rb2 b3 47.Kd5 Rb8 48.
Kc6 Nf8 49.Nxa6 Ra8 50.Kb7 Rd8 51.Nc5 g5 52.fxg5 Ng6 53.Kc7 Ra8 54.a6 Nxe5
55.Rxb3 h4 56.Rb8+ Rxb8 57.Kxb8 h3 58.Ne4 h2 59.Ng3 Kf8 60.Kc7 f5 1-0